000 00326nam a2200133Ia 4500
008 100328s9999 xx 000 0 und d
082 _b31410
100 _aथोर अशोक
245 _aनिर्णय
260 _bमधुर
630 _aनिर्णय
730 _aनिर्णय
942 _cBOOK
999 _c522322
_d522319